[Event "Brno Duras op-A"]
[Site "Brno"]
[Date "2010.07.02"]
[Round "6"]
[White "Spodny, Josef"]
[Black "Nemec, Miloslav"]
[Result "1/2-1/2"]
[WhiteElo "2108"]
[BlackElo "1922"]
[PlyCount "29"]
[EventDate "2010.06.27"]
[EventType "swiss"]
[EventRounds "9"]
[EventCountry "CZE"]
[SourceTitle "CBM 137 Extra"]
[Source "ChessBase"]
[SourceDate "2010.09.01"]
[SourceVersion "1"]
[SourceVersionDate "2010.09.01"]
[SourceQuality "1"]

1. e4 c5 2. Nf3 d6 3. c3 Nf6 4. h3 e6 5. Bd3 Nc6 6. 0-0 Be7 7. Bc2 0-0 8. d4 cxd4 9. cxd4 Nb4 10. Nc3 Nxc2 11. Qxc2 Qa5 12. Bd2 Qh5 13. Ne2 Qb5 14. Nc3 Qh5 15. Ne2 1/2-1/2

[Event "Brno Duras op-A"]
[Site "Brno"]
[Date "2010.06.28"]
[Round "2"]
[White "Kratochvil, Karel"]
[Black "Nemec, Miloslav"]
[Result "1-0"]
[WhiteElo "2157"]
[BlackElo "1922"]
[PlyCount "47"]
[EventDate "2010.06.27"]
[EventType "swiss"]
[EventRounds "9"]
[EventCountry "CZE"]
[SourceTitle "CBM 137 Extra"]
[Source "ChessBase"]
[SourceDate "2010.09.01"]
[SourceVersion "1"]
[SourceVersionDate "2010.09.01"]
[SourceQuality "1"]

1. d4 Nf6 2. c4 g6 3. Nc3 d5 4. cxd5 Nxd5 5. e4 Nxc3 6. bxc3 Bg7 7. Bc4 0-0 8. Ne2 c5 9. 0-0 Nc6 10. Be3 cxd4 11. cxd4 Bg4 12. f3 Bd7 13. Rc1 Na5 14. Bd3 Nc6 15. Qb3 b6 16. Rfd1 e6 17. Ba6 Na5 18. Qa3 Bc8 19. Bb5 Bb7 20. Bd2 a6 21. Ba4 b5 22. Bb3 Nxb3 23. axb3 a5 24. Qc5 1-0

[Event "Brno Duras op-A"]
[Site "Brno"]
[Date "2009.07.03"]
[Round "7"]
[White "Kredl, Karel"]
[Black "Nemec, Miloslav"]
[Result "1-0"]
[WhiteElo "2103"]
[BlackElo "1913"]
[PlyCount "74"]
[EventDate "2009.06.26"]
[EventType "swiss"]
[EventRounds "9"]
[EventCountry "CZE"]
[SourceTitle "CBM 131 Extra"]
[Source "ChessBase"]
[SourceDate "2009.09.03"]
[SourceVersion "2"]
[SourceVersionDate "2009.09.16"]
[SourceQuality "1"]

1. e4 c5 2. b4 cxb4 3. a3 e6 4. axb4 Nf6 5. e5 Nd5 6. Nf3 Nc6 7. b5 Nce7 8. c4 Nb6 9. d4 Ng6 10. Bd3 Bb4+ 11. Bd2 Bxd2+ 12. Qxd2 0-0 13. 0-0 f6 14. Nc3 fxe5 15. Bxg6 hxg6 16. c5 Nc4 17. Qd3 d5 18. Nxe5 Nxe5 19. dxe5 Qg5 20. Rae1 Qf5 21. Qxf5 gxf5 22. Ne2 Bd7 23. Nd4 Kf7 24. Rb1 Rfc8 25. Rfc1 Rc7 26. Rb4 Rac8 27. Nb3 a6 28. b6 a5 29. Rd4 Rc6 30. f4 a4 31. Rxa4 Rxb6 32. cxb6 Rxc1+ 33. Nxc1 Bxa4 34. Nd3 Bd7 35. Kf2 Kg6 36. Ke3 Kh5 37. Kd4 Bb5 1-0

[Event "CZE-chT2E 0809"]
[Site "Czech Republic"]
[Date "2009.01.26"]
[Round "7.7"]
[White "Bednar, Jakub"]
[Black "Nemec, Miloslav"]
[Result "1-0"]
[WhiteElo "2103"]
[BlackElo "1919"]
[PlyCount "73"]
[EventDate "2008.10.12"]
[EventType "team-tourn"]
[EventRounds "11"]
[EventCountry "CZE"]
[SourceTitle "EXT 2010"]
[Source "ChessBase"]
[SourceDate "2010.11.25"]
[SourceVersion "1"]
[SourceVersionDate "2010.11.25"]
[SourceQuality "1"]
[WhiteTeam "Brno Lokomotiva III"]
[BlackTeam "Postorna"]
[WhiteTeamCountry "CZE"]
[BlackTeamCountry "CZE"]

1. e4 c5 2. Nf3 d6 3. g3 Nc6 4. Bg2 g6 5. 0-0 Bg7 6. c3 Nf6 7. Re1 0-0 8. d4 Nd7 9. Be3 Qc7 10. Qc1 b6 11. Na3 a6 12. Bh6 Bb7 13. Qg5 Rad8 14. Bxg7 Kxg7 15. d5 f6 16. Qd2 Nde5 17. Nxe5 Nxe5 18. f4 Nf7 19. Bh3 g5 20. Nc4 Bc8 21. Be6 gxf4 22. gxf4 Rg8 23. Ne3 Kh8+ 24. Kh1 Rdf8 25. Nf5 Rg6 26. Rg1 Bxe6 27. dxe6 Nd8 28. Rxg6 hxg6 29. Nh4 Kh7 30. Nxg6 Rg8 31. f5 Nxe6 32. Qd5 Nd8 33. Rg1 e6 34. Qd3 exf5 35. Qh3+ Kg7 36. Ne7+ Kf7 37. Qh7+ 1-0

[Event "CZE-chT2E 0809"]
[Site "Czech Republic"]
[Date "2008.12.21"]
[Round "5.6"]
[White "Nemec, Miloslav"]
[Black "Krejci, Jan"]
[Result "1-0"]
[WhiteElo "1919"]
[BlackElo "2117"]
[PlyCount "73"]
[EventDate "2008.10.12"]
[EventType "team-tourn"]
[EventRounds "11"]
[EventCountry "CZE"]
[SourceTitle "EXT 2010"]
[Source "ChessBase"]
[SourceDate "2010.11.25"]
[SourceVersion "1"]
[SourceVersionDate "2010.11.25"]
[SourceQuality "1"]
[WhiteTeam "Postorna"]
[BlackTeam "Litovel II"]
[WhiteTeamCountry "CZE"]
[BlackTeamCountry "CZE"]

1. Nf3 d5 2. d4 Nf6 3. c4 c6 4. cxd5 cxd5 5. Nc3 Nc6 6. Bf4 Bf5 7. e3 e6 8. Bd3 Bg6 9. h3 Bd6 10. Bxd6 Qxd6 11. 0-0 0-0 12. Bxg6 hxg6 13. Qe2 a6 14. a3 Na5 15. Na4 Nb3 16. Rad1 b5 17. Nc3 Rfc8 18. Qd3 Na5 19. Rc1 Nc4 20. Rc2 Nxb2 21. Rxb2 Qxa3 22. Rc2 b4 23. Rfc1 Rxc3 24. Rxc3 bxc3 25. Rxc3 Qa1+ 26. Kh2 Ne4 27. Rc2 Rb8 28. g4 Rb2 29. Qxe4 Rb8 30. Qf4 Qb1 31. Rc7 f6 32. Kg2 Qb6 33. Rd7 Kh7 34. g5 e5 35. dxe5 f5 36. Nd4 a5 37. e6 1-0

[Event "Olexa Memorial op"]
[Site "Brno"]
[Date "2007.12.27"]
[Round "4"]
[White "Stanek, Stanislav"]
[Black "Nemec, Miloslav"]
[Result "1-0"]
[WhiteElo "2036"]
[BlackElo "2023"]
[PlyCount "99"]
[EventDate "2007.12.25"]
[EventType "swiss"]
[EventRounds "7"]
[EventCountry "CZE"]
[SourceTitle "EXT 2010"]
[Source "ChessBase"]
[SourceDate "2010.11.25"]
[SourceVersion "1"]
[SourceVersionDate "2010.11.25"]
[SourceQuality "1"]

1. d4 d5 2. Bf4 e6 3. e3 Nf6 4. Bd3 c5 5. c3 b6 6. Bxb8 Rxb8 7. Qa4+ Bd7 8. Bb5 Bxb5 9. Qxb5+ Qd7 10. Qxd7+ Kxd7 11. Nd2 Ne4 12. Nxe4 dxe4 13. 0-0-0 Kc6 14. Ne2 Rd8 15. Rd2 Be7 16. Rhd1 Rd6 17. Ng3 f5 18. dxc5 Rxd2 19. Rxd2 Bxc5 20. Nh5 g6 21. Nf4 Re8 22. Ne2 e5 23. Kc2 f4 24. Rd1 fxe3 25. fxe3 Bxe3 26. Ng3 Bc5 27. Nxe4 Be7 28. Rf1 Rf8 29. Rxf8 Bxf8 30. Kd3 Be7 31. Nf2 Kd5 32. c4+ Kc5 33. Ne4+ Kc6 34. Nc3 Bc5 35. Nd5 b5 36. b3 bxc4+ 37. Kxc4 e4 38. Nc3 e3 39. Kd3 a5 40. Ne4 Bf8 41. Kxe3 Kb5 42. Kd3 Kb4 43. Nd2 Ka3 44. Nc4+ Kxa2 45. Nxa5 Bb4 46. Nc6 Bd6 47. b4 Ka3 48. h3 Bxb4 49. Nxb4 Kxb4 50. Kd4 1-0

[Event "Brno Trade op"]
[Site "Brno"]
[Date "2007.08.27"]
[Round "2"]
[White "Volodin, Viktor Nikolaevich"]
[Black "Nemec, Miloslav"]
[Result "1/2-1/2"]
[WhiteElo "2254"]
[BlackElo "2020"]
[PlyCount "78"]
[EventDate "2007.08.26"]
[EventType "swiss"]
[EventRounds "7"]
[EventCountry "CZE"]
[SourceTitle "EXT 2008"]
[Source "ChessBase"]
[SourceDate "2007.11.25"]
[SourceVersion "1"]
[SourceVersionDate "2007.11.25"]
[SourceQuality "1"]

1. Nf3 Nf6 2. c4 g6 3. d4 Bg7 4. g3 0-0 5. Bg2 c5 6. 0-0 cxd4 7. Nxd4 Nc6 8. Nc3 Nxd4 9. Qxd4 d6 10. Qd2 Qc7 11. b3 Bd7 12. Bb2 Bc6 13. Nd5 Nxd5 14. Bxg7 Kxg7 15. cxd5 Bd7 16. Rfc1 Qb6 17. Qc3+ Kg8 18. Qc7 Rfd8 19. Qxb6 axb6 20. Rc7 Rab8 21. a4 Kf8 22. a5 bxa5 23. Rxa5 Rbc8 24. Rxc8 Rxc8 25. Be4 Rc3 26. Ra3 f5 27. Bd3 b5 28. Ra8+ Kf7 29. Rd8 Be8 30. b4 Rb3 31. h4 h5 32. f3 Rxb4 33. Rb8 Rd4 34. Bxb5 Bxb5 35. Rxb5 Kf6 36. Kf2 Ke5 37. f4+ Kf6 38. Kf3 Rc4 39. Rb3 Rd4 1/2-1/2

[Event "Brno op-A"]
[Site "Brno"]
[Date "2007.07.08"]
[Round "9"]
[White "Nemec, Miloslav"]
[Black "Spodny, Josef"]
[Result "1/2-1/2"]
[WhiteElo "2020"]
[BlackElo "2117"]
[PlyCount "54"]
[EventDate "2007.07.01"]
[EventType "swiss"]
[EventRounds "9"]
[EventCountry "CZE"]
[SourceTitle "CBM 119 Extra"]
[Source "ChessBase"]
[SourceDate "2007.09.04"]
[SourceVersion "1"]
[SourceVersionDate "2007.09.04"]
[SourceQuality "1"]

1. Nf3 Nf6 2. g3 e6 3. Bg2 d5 4. 0-0 Be7 5. d4 0-0 6. c4 Nbd7 7. cxd5 exd5 8. Nc3 c6 9. Bf4 Re8 10. Ne5 Nxe5 11. Bxe5 Bd6 12. Bxd6 Qxd6 13. e3 Bf5 14. Qd2 Re7 15. h3 Rae8 16. Rae1 h5 17. h4 Qb4 18. a3 Qb3 19. Re2 Bg4 20. f3 Bf5 21. Rfe1 Qb6 22. Kh2 Qc7 23. Bh3 Qd7 24. Bxf5 Qxf5 25. Kg2 Qg6 26. Nd1 a6 27. Nf2 Qf5 1/2-1/2

[Event "Brno op-A"]
[Site "Brno"]
[Date "2007.07.07"]
[Round "8"]
[White "Kuchynka, Lukas"]
[Black "Nemec, Miloslav"]
[Result "1-0"]
[WhiteElo "2180"]
[BlackElo "2020"]
[PlyCount "55"]
[EventDate "2007.07.01"]
[EventType "swiss"]
[EventRounds "9"]
[EventCountry "CZE"]
[SourceTitle "CBM 119 Extra"]
[Source "ChessBase"]
[SourceDate "2007.09.04"]
[SourceVersion "1"]
[SourceVersionDate "2007.09.04"]
[SourceQuality "1"]

1. e4 c5 2. Nf3 d6 3. d4 cxd4 4. Nxd4 Nf6 5. Nc3 a6 6. Bg5 e6 7. f4 Nbd7 8. Qf3 Be7 9. 0-0-0 Qc7 10. g4 b5 11. Bxf6 Bxf6 12. Bxb5 0-0 13. Ba4 Rb8 14. Bb3 Nc5 15. g5 Bxd4 16. Rxd4 Nxb3+ 17. axb3 Bb7 18. Rhd1 Rbd8 19. Qd3 d5 20. e5 Rc8 21. Re1 Qa5 22. Kb1 Bc6 23. Re3 Bb5 24. Qd1 Qb6 25. Rh3 Rc7 26. f5 exf5 27. Nxd5 Qa5 28. Nf6+ 1-0

[Event "Brno op-A"]
[Site "Brno"]
[Date "2007.07.06"]
[Round "7"]
[White "Nemec, Miloslav"]
[Black "Kratochvil, Karel"]
[Result "1-0"]
[WhiteElo "2020"]
[BlackElo "2166"]
[PlyCount "73"]
[EventDate "2007.07.01"]
[EventType "swiss"]
[EventRounds "9"]
[EventCountry "CZE"]
[SourceTitle "CBM 119 Extra"]
[Source "ChessBase"]
[SourceDate "2007.09.04"]
[SourceVersion "1"]
[SourceVersionDate "2007.09.04"]
[SourceQuality "1"]

1. Nf3 c5 2. g3 Nc6 3. d4 e6 4. Bg2 Nf6 5. 0-0 d5 6. c3 Ne4 7. Nbd2 f5 8. Ne5 Nxe5 9. dxe5 Qc7 10. f4 h5 11. Bxe4 fxe4 12. e3 b6 13. Kg2 g5 14. fxg5 Qxe5 15. h4 Bb7 16. Qa4+ Kd8 17. Rb1 Bd6 18. Rf4 Qg7 19. Rf6 Kc7 20. b4 c4 21. Bb2 Rhf8 22. Rbf1 Rxf6 23. Rxf6 Rf8 24. Rxf8 Qxf8 25. Qd1 Qh8 26. Qf1 Bc8 27. Nb1 Bxb4 28. Qf7+ Bd7 29. g6 Bf8 30. Ba3 Bg7 31. Qe7 Be5 32. Qf8 Qg7 33. Bd6+ Kc6 34. Na3 Bxc3 35. Qb8 Be8 36. Bf4 Bxg6 37. Qc8+ 1-0

[Event "Brno Trade op"]
[Site "Brno"]
[Date "2006.09.02"]
[Round "8"]
[White "Zdenek, Petr"]
[Black "Nemec, Miloslav"]
[Result "1/2-1/2"]
[WhiteElo "2210"]
[BlackElo "2057"]
[PlyCount "87"]
[EventDate "2006.08.27"]
[EventType "swiss"]
[EventRounds "9"]
[EventCountry "CZE"]
[SourceTitle "EXT 2007"]
[Source "ChessBase"]
[SourceDate "2006.11.23"]
[SourceVersion "1"]
[SourceVersionDate "2006.11.23"]
[SourceQuality "1"]

1. c4 Nf6 2. Nc3 g6 3. e4 d6 4. g3 Bg7 5. Bg2 0-0 6. Nge2 c5 7. 0-0 Nc6 8. d3 Bg4 9. f3 Bd7 10. Be3 e5 11. a3 Nd4 12. b4 b6 13. Rb1 Qc7 14. Qd2 Rab8 15. Kh1 a5 16. f4 Ng4 17. Nd5 Qd8 18. Bg1 Be6 19. Nxd4 Bxd5 20. Nb3 Ba8 21. h3 a4 22. hxg4 axb3 23. f5 cxb4 24. axb4 b5 25. Rxb3 Qd7 26. Be3 Rfc8 27. c5 d5 28. Ra3 d4 29. Bh6 Bc6 30. Rfa1 Ra8 31. Bxg7 Kxg7 32. Bf3 f6 33. Kg2 g5 34. Bd1 Qb7 35. Kf3 Rxa3 36. Rxa3 Ra8 37. Qa2 Rxa3 38. Qxa3 Qa8 39. Qxa8 Bxa8 40. Bb3 Kf8 41. Bd5 Bxd5 42. exd5 Ke7 43. c6 Kd6 44. Ke4 1/2-1/2

[Event "Brno Trade op"]
[Site "Brno"]
[Date "2006.08.28"]
[Round "2"]
[White "Bures, Vit"]
[Black "Nemec, Miloslav"]
[Result "1-0"]
[WhiteElo "2209"]
[BlackElo "2057"]
[PlyCount "35"]
[EventDate "2006.08.27"]
[EventType "swiss"]
[EventRounds "9"]
[EventCountry "CZE"]
[SourceTitle "EXT 2007"]
[Source "ChessBase"]
[SourceDate "2006.11.23"]
[SourceVersion "1"]
[SourceVersionDate "2006.11.23"]
[SourceQuality "1"]

1. e4 c5 2. Nf3 d6 3. d4 cxd4 4. Nxd4 Nf6 5. Nc3 a6 6. Bg5 e6 7. f4 Be7 8. Qf3 Qb6 9. 0-0-0 Nc6 10. Nxc6 Qxc6 11. Qg3 g6 12. Qh4 Ng8 13. Bxe7 Nxe7 14. Qf6 Rg8 15. Qd4 d5 16. exd5 exd5 17. Nxd5 Be6 18. Nf6+ 1-0

[Event "Brno Duras BVK op-A"]
[Site "Brno"]
[Date "2006.??.??"]
[Round "2"]
[White "Nemec, Miloslav"]
[Black "Gross, Georg"]
[Result "0-1"]
[WhiteElo "2055"]
[BlackElo "2310"]
[PlyCount "86"]
[EventDate "2006.07.??"]
[EventType "swiss"]
[EventRounds "9"]
[EventCountry "CZE"]
[SourceTitle "EXT 2008"]
[Source "ChessBase"]
[SourceDate "2007.11.25"]
[SourceVersion "1"]
[SourceVersionDate "2007.11.25"]
[SourceQuality "1"]

1. Nf3 f5 2. g3 Nf6 3. Bg2 g6 4. b3 Bg7 5. Bb2 0-0 6. 0-0 d6 7. d4 Qe8 8. c4 c6 9. Nc3 Na6 10. Qc2 Rb8 11. Rad1 b5 12. cxb5 cxb5 13. Nd2 Bb7 14. Bxb7 Rxb7 15. Qd3 Nb4 16. Qf3 Rc7 17. a3 Nc2 18. Nd5 Nxd5 19. Qxd5+ Qf7 20. Qxb5 Bxd4 21. Bxd4 Nxd4 22. Qd3 e5 23. e3 Rc3 24. Qa6 Rc6 25. Qd3 Ne6 26. Qd5 Rc5 27. Qxd6 Rd8 28. Qa6 Rcd5 29. Qe2 Qd7 30. Qc4 Kg7 31. e4 Rd4 32. Qa6 fxe4 33. Qa5 Rd5 34. Qc3 Ng5 35. h4 Nf7 36. Qe3 Rxd2 37. Rxd2 Qxd2 38. Qxa7 Rd3 39. b4 Qc3 40. Qb7 Qd4 41. a4 Rxg3+ 42. Kh2 Rg4 43. Qe7 Qd2 0-1